| 000 | 00714nam a2200217 a 4500 | ||
|---|---|---|---|
| 001 | BRL_962 | ||
| 005 | 20190320210954.0 | ||
| 008 | 291013s1966----mx-a######---#000-0#spa-# | ||
| 041 | _aspa | ||
| 044 | _amx | ||
| 050 | 4 |
_aF1464.2 _b.H66 1966 |
|
| 245 | 1 | 0 |
_aGuatemala _cEditado por la H. Cámara de diputados del congreso de los Estados Unidos Mexicanos xlvi legislatura |
| 260 |
_aMéxico _bPlástica Mexicana _c1966 |
||
| 300 |
_a[24] p. _bil., láminas _c47 cm. |
||
| 500 | _aAu2283 | ||
| 651 | 4 |
_aGuatemala _xDescripcion y viajes _9675 |
|
| 651 | 4 |
_aGuatemala _xVida social y costumbres _923086 |
|
| 710 | 2 |
_aMexico _bCongreso - Cámara de Diputados - XLVI Legislatura _925456 |
|
| 902 | _aGRL | ||
| 942 |
_2lcc _cB |
||
| 999 |
_c9774 _d9774 |
||